Racionalita ako normativita
Racionalita v koncepte historického vývoja západných filozofií. Racionalita ako normativita, ktorej zdrojom je inteligencia. Vymedzenie pojmu a podstata racionality. Inštrumentálna racionalita. Deweyho pohľad na racionalitu.
Salvato in:
| Autore principale: | |
|---|---|
| Natura: | Capitolo di libro |
| Lingua: | slovacco |
| Soggetti: | |
| Tags: |
Nessun Tag, puoi essere il primo ad aggiungerne!!
|
MARC
| LEADER | 00000naa$a2200000$$$4500 | ||
|---|---|---|---|
| 001 | 0026154 | ||
| 005 | 20231115123315.0 | ||
| 041 | 0 | |a slo | |
| 044 | |a SK | ||
| 245 | 1 | 0 | |a Racionalita ako normativita |c Emil Višňovský |
| 520 | |a Racionalita v koncepte historického vývoja západných filozofií. Racionalita ako normativita, ktorej zdrojom je inteligencia. Vymedzenie pojmu a podstata racionality. Inštrumentálna racionalita. Deweyho pohľad na racionalitu. | ||
| 610 | 2 | 0 | |a filozofia |
| 610 | 2 | 0 | |a racionalita |
| 610 | 2 | 0 | |a systémy filozofické |
| 610 | 2 | 0 | |a inteligencia |
| 610 | 2 | 0 | |a normy |
| 100 | 1 | |a Višňovský, Emil | |